000 00627nam a22002057a 4500
005 20240108125621.0
010 _aENG-138816
020 _a978-93-91399-99-3
_c150.00
035 _aEN-122348
037 _bDBAD/PUB
082 _a262.12
245 _aFor a syndol Church Communion, Participation and Mission/
_cedited by Peter Purdue
250 _a1
260 _aBangalore
_bATC Publishers
_c2021
270 _aCCBI Sec
300 _a336p.
_c23cm(Hbk)
_bContent
700 _960332
710 _aPakiza Begum, Pimily Langthasa And Priyanka Tamuli
_eEditors
_960735
942 _2ddc
_cEN
_h155.633
_mWOM
_e1
999 _c200028
_d200028